000 00575nam a2200205Ia 4500
001 18917
003 GE_BSU
008 181216s||||||||xx |||||||||||||| ||und||
040 _cGE_BSU
245 _aНеврологический журнал, №2 том 21 2016.
245 _bJournal of Neorology.
245 _cГл. ред.Н.Н. ЯХНО и др.
260 _aМосква
260 _bмедицина
260 _c2016
300 _a119стр,ил,29см
653 _aМедицина
653 _aНеврологический журнал
942 _cCR
999 _c51917
_d51917